Trade Policy Reform in the Countries of the Former Soviet Union (Record no. 5978)

MARC details
000 -LEADER
fixed length control field 00593nam a22001937u 4500
001 - CONTROL NUMBER
control field 6410
003 - CONTROL NUMBER IDENTIFIER
control field OSt
005 - DATE AND TIME OF LATEST TRANSACTION
control field 20170818153059.0
008 - FIXED-LENGTH DATA ELEMENTS--GENERAL INFORMATION
fixed length control field 161220s1994 xxu||||| |||| 00| 0 d
024 7# - OTHER STANDARD IDENTIFIER
Standard number or code 6410
Source of number or code RID
024 7# - OTHER STANDARD IDENTIFIER
Standard number or code 6410
Source of number or code RSN (alt)
040 ## - CATALOGING SOURCE
Transcribing agency OSt
245 00 - TITLE STATEMENT
Title Trade Policy Reform in the Countries of the Former Soviet Union
260 ## - PUBLICATION, DISTRIBUTION, ETC.
Place of publication, distribution, etc. Washington, D.C. :
Name of publisher, distributor, etc. International Monetary Fund,
Date of publication, distribution, etc. 1994.
710 2# - ADDED ENTRY--CORPORATE NAME
Corporate name or jurisdiction name as entry element International Monetary Fund (IMF)
888 ## -
-- 1020-0576
942 ## - ADDED ENTRY ELEMENTS (KOHA)
Koha item type Paper
Holdings
Withdrawn status Lost status Damaged status Not for loan Home library Current library Shelving location Date acquired Inventory number Total Checkouts Barcode Date last seen Price effective from Koha item type
        WIIW WIIW Library 08/04/2004 6410   10001907 01/26/2017 01/26/2017 Paper
The Vienna Instiute for International Economic Studies (wiiw)